| 000 | 00850nam a22002177a 4500 | ||
|---|---|---|---|
| 003 | 0 | ||
| 005 | 20250213114754.0 | ||
| 008 | 250213b xxu||||| |||| 00| 0 eng d | ||
| 050 |
_aTX 911.3 _b.B35 2023 |
||
| 100 | _aBaltazar, Cyrehn Jeward F. | ||
| 245 |
_aGlambook: _b a booking management mobile application for glam grooms pet spa and hotel _cCyrehn Jeward F. Baltazar |
||
| 260 |
_aLas Pinas City _bSouthville International School and Colleges _c2023 |
||
| 300 |
_axv, 205 pages : _billustrations ; _c28cm. |
||
| 500 | _aBachelor of Science in Information Technology. | ||
| 504 | _aIncludes bibliographical references and appendices. | ||
| 650 | _aMobile apps—Development. | ||
| 650 | _aPet grooming industry—Management. | ||
| 650 | _aPet services—Booking systems. | ||
| 650 | _aBusiness management—Automation. | ||
| 942 |
_2lcc _cTH |
||
| 999 |
_c367200 _d367200 |
||